000
00271nam a22001337a 4500
008
180307b xxu||||| |||| 00| 0 eng d
020
_a
240510858
041
_a
eng
080
_a
7
100
_a
42
101
_a
ART
245
_a
PHOTOGRAOHY
_c
PAUL.P
942
_2
udc
_c
BK
999
_c
44276
_d
44276